000 01147nam a2200349 a 4500
001 vtls000119744
003 NLI
005 20210601204432.0
008 101125s1990 sa a 000 0 eng
010 _a91-982600
020 _a9211311225
039 9 _y201011251314
_zVLOAD
040 _aNLI
_beng
_cVTLS
_eAACR2
041 0 _aeng
043 _aaw-----
044 _asa
245 0 0 _aCorrosion damage to concrete structures in Western Asia /
_cUnited Nations Center for Human Settlements (Habitat)
260 _aNairobi :
_bUnited Nations Centre for Human Settlements (Habitat),
_c1990
300 _aii, 33 p. :
_bill. ;
_c21 cm.
500 _a"HS/204/90 E"--P. [2] of cover
504 _aIncludes bibliographical references
650 0 _aConcrete
_xCorrosion
_9244307
650 0 _aConcrete construction
_zMiddle East
_9244308
650 0 _aCorrosion and anti-corrosives
710 2 _aUnited Nations Centre for Human Settlements
_9196395
887 _a
901 _a26230
_b25.06.1992
902 _aUN693.5 C825
906 _aFOD880
_z1
949 _AVIRTUAITEM
_D10002
_X100
_6FOD000026230ENG
942 _2ddc
_cBKS
999 _aVIRTUA00
_c123473
_d123473